Eurovision Winners - Statistics

General Stats
  • This quiz has been taken 58 times
    53 since last reset
  • The average score is 24 of 27
Answer Stats
Total Wins Years Won Country % Correct
5 1958, 1960, 1962, 1969, 1977 France
100%
7 1970, 1980, 1987, 1992, 1993, 1994, 1996 Ireland
100%
3 1964, 1990, 2021 Italy
100%
7 1974, 1984, 1991, 1999, 2012, 2015, 2023 Sweden
100%
3 2004, 2016, 2022 Ukraine
100%
5 1967, 1969, 1976, 1981, 1997 United Kingdom
100%
3 1963, 2000, 2013 Denmark
96%
1 2006 Finland
96%
1 2017 Portugal
96%
2 1966, 2014 Austria
93%
1 2001 Estonia
93%
2 1982, 2010 Germany
93%
4 1978, 1979, 1998, 2018 Israel
93%
5 1957, 1959, 1969, 1975, 2019 Netherlands
93%
3 1985, 1995, 2009 Norway
93%
1 2008 Russia
93%
1 2005 Greece
89%
2 1968, 1969 Spain
89%
2 1956, 1988 Switzerland
89%
1 1986 Belgium
86%
1 2002 Latvia
86%
1 2007 Serbia
86%
5 1961, 1965, 1972, 1973, 1983 Luxembourg
82%
1 2003 Turkey
82%
1 2011 Azerbaijan
79%
1 1971 Monaco
64%
1 1989 Yugoslavia
64%
No matching quizzes found
Score Distribution
Percent of People with Each Score
Percentile by Number Answered
Your Score History
You have not taken this quiz since the last reset